000 00327nam a2200145Ia 4500
100 _aKostenko/M. Piotrovsky/L
650 _aElectrical Engineering
942 _cBK
654 _aMachines
245 _aElectrical Machines Vol. I
260 _bMir Publishers
_c2001
082 _a621.3
300 _a586
546 _aENGLISH
999 _c28281
_d28281